Normal view
MARC view
- Itten, Johannes,
Entry Personal Name
001 - CONTROL NUMBER
- control field: 121500
003 - CONTROL NUMBER IDENTIFIER
- control field: NUST
005 - DATE AND TIME OF LATEST TRANSACTION
- control field: 20240227131503.0
008 - FIXED-LENGTH DATA ELEMENTS
- fixed length control field: 240227|| aca||aabn | a|a d
040 ## - CATALOGING SOURCE
- Original cataloging agency: NUST
- Transcribing agency: NUST
100 ## - HEADING--PERSONAL NAME
- Personal name: Itten, Johannes,
- Dates associated with a name: 1888-1967
670 ## - SOURCE DATA FOUND
- Source citation: Work cat.: (NUST): Itten, Johannes, 1888-1967., Design and form :, 1975.
